The Role of Superior Judiciary in The Politics of Pakistan (Record no. 343594)
[ view plain ]
| 000 -LEADER | |
|---|---|
| fixed length control field | 00450 a2200157 4500 |
| 082 ## - DEWEY DECIMAL CLASSIFICATION NUMBER | |
| Classification number | 347.95951 |
| 090 ## - LOCALLY ASSIGNED LC-TYPE CALL NUMBER (OCLC); LOCAL CALL NUMBER (RLIN) | |
| -- | 1060 |
| -- | 1060 |
| 100 ## - MAIN ENTRY--PERSONAL NAME | |
| Personal name | Jan Mohammad Dawood |
| 245 ## - TITLE STATEMENT | |
| Title | The Role of Superior Judiciary in The Politics of Pakistan |
| Statement of responsibility, etc. | Jan Mohammad Dawood |
| 260 ## - PUBLICATION, DISTRIBUTION, ETC. | |
| Place of publication, distribution, etc. | Karachi |
| Name of publisher, distributor, etc. | Yoyal Book Company |
| Date of publication, distribution, etc. | 1994 |
| 300 ## - PHYSICAL DESCRIPTION | |
| Extent | 150 |
| 500 ## - GENERAL NOTE | |
| General note | Hard Cover |
| 600 ## - SUBJECT ADDED ENTRY--PERSONAL NAME | |
| Personal name | Jan Mohammad Dawood |
| 700 ## - ADDED ENTRY--PERSONAL NAME | |
| Personal name | Jan Mohammad Dawood |
| 942 ## - ADDED ENTRY ELEMENTS (KOHA) | |
| Institution code [OBSOLETE] | NBS |
| Koha item type | Book |
| Call number prefix | 347.95491 DAW |
| Withdrawn status | Lost status | Damaged status | Not for loan | Permanent Location | Current Location | Date acquired | Total Checkouts | Full call number | Barcode | Date last seen | Date last checked out | Price effective from | Koha item type |
|---|---|---|---|---|---|---|---|---|---|---|---|---|---|
| NUST Law School (NLS) | NUST Law School (NLS) | 08/28/2013 | 2 | 347.95491 DAW | NBS2216 | 06/02/2024 | 01/27/2024 | 08/28/2013 | Book |
